LDR 01034nam a2200217 i 4500 001 000000067826 003 CaOOAMICUS 005 20130326000000.0 008 130326s1984 it u000 u ita u 013 $a38998 040 $aSeMil$bita 100 1 $aLonergan, Bernard J. F.,$c
.$0(OLS)http://semarc/name/2591 245 10$aConoscenza e interiorità :$bil Verbum nel pensiero di S. Tommaso /$cBernard Lonergan J.F. ; a cura di Natalino Spaccapelo. 300 $a262 p. ;$c22 cm. 490 0 $aNuovi saggi teologici : collana interconfessionale per la promozione della ricerca teologica ;$v21 500 $aContiene : Bibliografia. 700 1 $aSpaccapelo, Natalino,$c
.$0(OLS)http://semarc/name/19746 830 0$aNuovi saggi teologici
;$v21.$0(OLS)http://semarc/title/422386 850 $aSeMil 852 $aSeMil$W1$xVenegono$y1$m2LA N 21$j263007$B33979$CSeMilBibl$Z2$F33982 $81 996 $6245$aConoscenza e interiorità :$bil Verbum nel pensiero di S. Tommaso$9(OLS)http://semarc/title/108152